Pronunciacion del frances sin maestro (Record no. 165600)

MARC details
000 -LEADER
campo de control de longitud fija 00882nam a2200181 i 4500
001 - NÚMERO DE CONTROL
campo de control 165600
003 - IDENTIFICADOR DE NÚMERO DE CONTROL
campo de control ES-MaACL
005 - FECHA Y HORA DE LA ÚLTIMA TRANSACCIÓN
campo de control 20230906213154.0
008 - DATOS DE LONGITUD FIJA--INFORMACIÓN GENERAL
campo de control de longitud fija 050826s1835 fr | |||||||| ||spa d
040 ## - FUENTE DE CATALOGACIÓN
Centro catalogador/agencia de origen CAM
Lengua de catalogación spa
Centro/agencia transcriptor CAM
100 0# - ENTRADA PRINCIPAL--NOMBRE DE PERSONA
Nombre de persona Sotos Ochando, Bonifacio.
9 (RLIN) 107547
245 10 - MENCIÓN DEL TÍTULO
Título Pronunciacion del frances sin maestro
Resto del título : obras compuesta segun un metodo especial, recomendado con mucha particularidad por la Sociedad de Métodos de Enseñanza establecida en Paris /
Mención de responsabilidad, etc. su autor Bonifacio Sotos.
260 ## - PUBLICACIÓN, DISTRIBUCIÓN, ETC.
Lugar de publicación, distribución, etc. Paris :
Nombre del editor, distribuidor, etc. en casa del autor,
Fecha de publicación, distribución, etc. 1835 (
Fabricante Imprimerie de Bacquenois)
300 ## - DESCRIPCIÓN FÍSICA
Extensión XII, 119 p., [1] h. pleg. ;
Dimensiones 18 cm.
597 ## - NOTA DE DESCRIPCIÓN FÍSICA
NOTA DE DESCRIPCIÓN FÍSICA La h. pleg. es una tabla sinpotica de la pronunciación de la lengua francesa.
650 #4 - PUNTO DE ACCESO ADICIONAL DE MATERIA--TÉRMINO DE MATERIA
Término de materia o nombre geográfico como elemento de entrada Lengua francesa-
Subdivisión general Pronunciación.
9 (RLIN) 14229
852 ## - LOCALIZACIÓN
Ubicación ES-MaACL
Número de control de estantería D-1869
Nota libre -- Enc. hol. conservando la cub. original
-- -- Legado M. de la Fuente
Holdings
Estatus retirado Estado de pérdida Estado de daño No para préstamo Colección Biblioteca de origen Biblioteca actual Ubicación en estantería Fecha de adquisición Fuente de adquisición Total de préstamos Signatura topográfica completa Código de barras Visto por última vez Precio de reemplazo Tipo de ítem Koha
        Libros del s. XIX Biblioteca del Ateneo de Madrid Biblioteca del Ateneo de Madrid Sala Valle Inclán 17/01/2008     D-1869 901173667 23/02/2023 23/02/2023 Libro impreso antiguo